00881nac a22002411u 4500010001600000020004300016082001700059090001500076100003400091245006300125260003500188300003600223500003100259500006100290500002000351500002900371511002600400650002600426740004800452942001900500999001500519952010500534 a 94012668 a0471060674 (paper : acid-free paper) :00a005.265bHOB c7100d7100 aHobuss, James J., 10aApplication development with PowerBuilder /cJames Hobuss. aNew York :bWiley,1994cc1994. axxiii, 310 p. :bill. ;c24 cm. a"A Wiley-QED publication." aCover title: Application development using PowerBuilder. aIncludes index. adistributer by: Al-Ahram acatalogued by: wessam 0aApplication software.0 aApplication development using PowerBuilder. cBBk005.265HOB c7100d7100 00104070aMAINbMAINcLOWd2008-01-02ePurchasel0o005.265HOBp000008154r2025-07-15 00:00:00yBB